| 000 | 00409nam a2200181Ia 4500 | ||
|---|---|---|---|
| 005 | 20250423094815.0 | ||
| 008 | 250422s9999 xx 000 0 und d | ||
| 020 | _a9780073534336 | ||
| 050 | _aP 95 .H93/ | ||
| 100 | _aHybels, Saundra | ||
| 245 | 0 | _aCommunicating effectively | |
| 250 | _a10th ed. | ||
| 260 | _aNew York | ||
| 260 | _bMacGraw-Hill | ||
| 260 | _c2012 | ||
| 300 | _a442 p | ||
| 942 | _cBK | ||
| 999 |
_c28352 _d28352 |
||